Pokémon - La Première Génération - Statistiques

Statistiques générales
  • Ce quiz a été pris 42 fois
  • Le résultat moyen est 9 sur 20
Statistiques - réponses
Question Réponse % Correct
JEUX - Quel est le nom du bateau se trouvant à Carmin sur Mer ? L'Océane
92%
ANIMÉ - Quel est le Pokémon qu'Ondine n'a pas attrapé à Kanto ?
75%
JEUX - Comment peut-on ouvrir la porte fermée de l'arène de Cramois'Île ? Clé Secrète au Manoir Pokémon
75%
MANGA - Quel est le Pokémon que Bleu prend au casino de Céladopole ?
58%
ANIMÉ - Quel Pokémon de Sacha bat à lui seul toute l'équipe de son adversaire lors du premier tour de la Ligue Indigo ?
58%
JEUX - Quel est le Pokémon apparaissant dans la cinématique d'introduction des premiers jeux ?
50%
CARTES - Quel est la carte Pokémon possédant le moins de PV dans l'extension "Team Rocket" ?
50%
ANIMÉ - Combien de Pokémon Sacha a-t-il capturé dans la région de Kanto lors de la saison 1 ? (Pikachu compte dans le lot) 10
50%
MANGA - À quelle édition de la Ligue Pokémon du Plateau Indigo participe Rouge, Bleu, Verte et le Prof.Chen ? 9ème édition
50%
JEUX - Que faut-il donner aux gardes de la région pour avoir accès à Safrania dans Pokémon Let's Go Pikachu & Évoli ? Thé
50%
ANIMÉ - Quelle est la couleur de la Poké Ball du dresseur de Nidorino et Onix dans l'épisode 1 ? Verte
50%
ANIMÉ - Quel est le contexte de l'intégration de Goupix dans l'équipe de Pierre ? Reçu de quelqu'un
42%
MANGA - Quel est le premier Pokémon de Rouge au début du manga Pokémon La Grande Aventure ?
33%
CARTES - Quel est le type de la carte Grotadmorv dans l'extension "Fossile" ?
33%
MANGA - Dans l'arc Jaune, quel est le Pokémon que Peter essaye d'invoquer sur l’île Flamboyante ?
33%
JEUX - Quel est le niveau du starter de votre rival lors de votre première confrontation à la Ligue Indigo dans Pokémon Rouge Feu & Vert Feuille ? Niveau 63
33%
CARTES - Quelle est l'attaque inscrite sur la carte Pikachu dans l'extension "Jungle" ? Étincelle
25%
CARTES - Quel est le Pokémon présent sur la carte "Rafale de vent" dans l'extension "Set de base 2"
17%
MANGA - De quel type de Pokémon a peur Verte ? Vol
17%
CARTES - Combien de PV possède la carte Mewtwo dans l'extension "Set de base" ? 60 PV
8%
Aucun quiz correspondant
Distribution des résultats
% des personnes avec chaque résultat
Percentile par nombre de réponses
Votre historique - résultats
Vous n’avez pas pris ce quiz